When Rhoda Opens the Door: Reimagining Ancient Households from the Perspective of the Least for the Least

This article brings first-century Graeco-Roman slavery, ancient household systems and gender into focus through an analysis of Acts 12:12-17. By retracing Rhoda's social location and efficacy in Mary's οἰκία, the παιδίσκη is brought to the fore in a hermeneutical agenda that seeks to unmut...

Full description

Saved in:  
Bibliographic Details
Authors: Manyika, Batanayi I. (Author) ; Mouton, Elna 1952- (Author)
Contributors: Nortjé-Meyer, Lilly 1957- (Honoree)
Format: Electronic Article
Language:English
Check availability: HBZ Gateway
Interlibrary Loan:Interlibrary Loan for the Fachinformationsdienste (Specialized Information Services in Germany)
Published: [2019]
In: Neotestamentica
Year: 2019, Volume: 53, Issue: 2, Pages: 311-337
Standardized Subjects / Keyword chains:B Bible. Apostelgeschichte 12,12-17 / Rhode, Biblical person / Slavery / Haustafel / Roman Empire / Africa (Continent) / Topicality
RelBib Classification:HC New Testament
KBN Sub-Saharan Africa
NBE Anthropology
ZB Sociology
Further subjects:B Slavery
B Haustafeln
B Graeco-Roman slavery
B Rhoda
B Nortjé-Meyer, Lilly 1957-
B Southern Africa
B running slaves
B Festschrift
B Liberty
B Acts
Online Access: Volltext (lizenzpflichtig)

MARC

LEADER 00000caa a2200000 c 4500
001 1687872589
003 DE-627
005 20220219141534.0
007 cr uuu---uuuuu
008 200120s2019 xx |||||o 00| ||eng c
024 7 |a 10.1353/neo.2019.0021  |2 doi 
035 |a (DE-627)1687872589 
035 |a (DE-599)KXP1687872589 
040 |a DE-627  |b ger  |c DE-627  |e rda 
041 |a eng 
084 |a 1  |2 ssgn 
100 1 |a Manyika, Batanayi I.  |e VerfasserIn  |4 aut 
245 1 0 |a When Rhoda Opens the Door  |b Reimagining Ancient Households from the Perspective of the Least for the Least  |c Batanayi I. Manyika 
264 1 |c [2019] 
336 |a Text  |b txt  |2 rdacontent 
337 |a Computermedien  |b c  |2 rdamedia 
338 |a Online-Ressource  |b cr  |2 rdacarrier 
520 |a This article brings first-century Graeco-Roman slavery, ancient household systems and gender into focus through an analysis of Acts 12:12-17. By retracing Rhoda's social location and efficacy in Mary's οἰκία, the παιδίσκη is brought to the fore in a hermeneutical agenda that seeks to unmute utility from the interpretive margins. Using a sociology of knowledge, Rhoda's profile in the ancient world is painted in vivid vogue, demonstrating the social maze she had to navigate for her to be. From here, the slave's social performance is considered in the same context as her unrelenting herald of Peter's emancipation. From this position, a critical correlation is drawn between the Rhoda of the text and Southern African Rhodas in front of the text with the hope of reimagining ancient households. Finally, it is posited that hearing the narratives of both categories of "Rhodas" enlivens the text, unmuting the slaves occupying the margins to the benefit of contemporary groups shaped by this tradition. 
650 4 |a Acts 
650 4 |a Graeco-Roman slavery 
650 4 |a Haustafeln 
650 4 |a Liberty 
650 4 |a Rhoda 
650 4 |a Slavery 
650 4 |a Southern Africa 
650 4 |a Southern Africa 
650 4 |a running slaves 
652 |a HC:KBN:NBE:ZB 
655 7 |a Festschrift  |0 (DE-588)4016928-5  |0 (DE-627)104400986  |0 (DE-576)208917802  |2 gnd-content 
689 0 0 |d u  |0 (DE-588)1069751081  |0 (DE-627)822355817  |0 (DE-576)429437900  |a Bibel  |2 gnd  |p Apostelgeschichte  |n 12,12-17 
689 0 1 |d p  |0 (DE-588)1151660205  |0 (DE-627)1012142353  |0 (DE-576)497996588  |2 gnd  |a Rhode  |c Biblische Person 
689 0 2 |d s  |0 (DE-588)4055260-3  |0 (DE-627)106159003  |0 (DE-576)209112891  |2 gnd  |a Sklaverei 
689 0 3 |d s  |0 (DE-588)4230265-1  |0 (DE-627)104941642  |0 (DE-576)210346035  |2 gnd  |a Haustafel 
689 0 4 |d g  |0 (DE-588)4076778-4  |0 (DE-627)106082094  |0 (DE-576)209202882  |2 gnd  |a Römisches Reich 
689 0 5 |d g  |0 (DE-588)4058393-4  |0 (DE-627)10614748X  |0 (DE-576)209126043  |2 gnd  |a Südafrika  |g Kontinent 
689 0 6 |d s  |0 (DE-588)4226420-0  |0 (DE-627)104971800  |0 (DE-576)210313927  |2 gnd  |a Aktualität 
689 0 |5 (DE-627) 
700 1 |e GefeierteR  |0 (DE-588)1068281561  |0 (DE-627)820015679  |0 (DE-576)420625984  |4 hnr  |a Nortjé-Meyer, Lilly  |d 1957- 
700 1 |e VerfasserIn  |0 (DE-588)1038043743  |0 (DE-627)756610788  |0 (DE-576)187806942  |4 aut  |a Mouton, Elna  |d 1952- 
773 0 8 |i Enthalten in  |t Neotestamentica  |d Pretoria : NTSSA, 1967  |g 53(2019), 2, Seite 311-337  |h Online-Ressource  |w (DE-627)369556437  |w (DE-600)2119512-2  |w (DE-576)410110930  |x 2518-4628  |7 nnas 
773 1 8 |g volume:53  |g year:2019  |g number:2  |g pages:311-337 
856 4 0 |u https://doi.org/10.1353/neo.2019.0021  |x Resolving-System  |z lizenzpflichtig  |3 Volltext  |7 1 
935 |a BIIN 
951 |a AR 
BIB |a 1 
BIR |a 05012012_05012017  |b biblesearch 
ELC |a 1 
ITA |a 1  |t 1 
LOK |0 000 xxxxxcx a22 zn 4500 
LOK |0 001 3576784454 
LOK |0 003 DE-627 
LOK |0 004 1687872589 
LOK |0 005 20210506130207 
LOK |0 008 200120||||||||||||||||ger||||||| 
LOK |0 040   |a DE-Tue135  |c DE-627  |d DE-Tue135 
LOK |0 092   |o n 
LOK |0 852   |a DE-Tue135 
LOK |0 852 1  |9 00 
LOK |0 935   |a ixzs  |a ixzo 
LOK |0 936ln  |0 1442044136  |a HC 
LOK |0 936ln  |0 1442053755  |a ZB 
LOK |0 936ln  |0 144205168X  |a NBE 
LOK |0 936ln  |0 1442049022  |a KBN 
LOK |0 939   |a 20-01-20  |b l01 
LOK |0 000 xxxxxcx a22 zn 4500 
LOK |0 001 3897400472 
LOK |0 003 DE-627 
LOK |0 004 1687872589 
LOK |0 005 20220426163043 
LOK |0 008 210329||||||||||||||||ger||||||| 
LOK |0 040   |a DE-Tue135-1  |c DE-627  |d DE-Tue135-1 
LOK |0 852   |a DE-Tue135-1 
LOK |0 852 1  |m p  |9 00 
LOK |0 852 2  |b www / FTH Z4-535 (Print)  |9 00 
LOK |0 85640  |u https://bibsearch.uibk.ac.at/permalink/f/1po5meu/UIB_alma51201145090003333 
LOK |0 85640  |u https://bibsearch.uibk.ac.at/AC01027455 
LOK |0 935   |a inzs 
LOK |0 938   |k p 
LOK |0 939   |a 29-03-21  |b l01 
ORI |a SA-MARC-ixtheoa001.raw 
REL |a 1 
STA 0 0 |a Haustafel,Domestic code,Household duties,Roman Empire,Roman Empire,Slavery,Slavery,Topicality,Up-to-dateness,Relevance to the present 
STB 0 0 |a Actualité,Esclavage,Esclavage,Haustafel,Table domestique (Luther),Table domestique 
STC 0 0 |a Actualidad,Esclavitud,Esclavitud,Tabla doméstica 
STD 0 0 |a Attualità,Codice domestico <Bibbia>,Codice familiare (Bibbia),Codice familiare,Schiavitù,Schiavitù 
STE 0 0 |a 奴隶制度,奴隶制度,家庭法规,当代性,当前适切性,关联性 
STF 0 0 |a 奴隸制度,奴隸制度,家庭法規,當代性,當前適切性,關聯性 
STG 0 0 |a Atualidade,Escravidão,Escravidão,Tábua doméstica 
STH 0 0 |a Актуальность,Домашняя доска,Рабство (мотив),Рабство 
STI 0 0 |a Δουλεία (μοτίβο),Δουλεία,Επικαιρότητα,Πίνακας στίχων 
SUB |a BIB  |a REL 
SYE 0 0 |a Rhode, Spanien,Roda, Spanien 
SYG 0 0 |a Rhoda,Biblische Person , Römer , Römisches Reich,Römisches Reich,Nord,Römisches Reich,Römisches Reich,West,Römisches Reich,Römisches Reich,Ost,Römisches Reich,Imperium Romanum,Reich Rom,Italien,Römisches Reich , Südliches Afrika , Afrika,Süd,Südliches Afrika,Südafrikanische Union,Südafrikanische Republik,Republik Südafrika,Azania,Republic of South Africa,South Africa,South African Republic,Union of South Africa,Republiek van Suidafrika,RSA,Suid-Afrika,Suidafrika,Suid Africa,Republiek van Suid-Afrika,Unie van Zuid-Africa,Unie van Suid-Afrika,Zuid-Africa,Zuid-Afrikaansche Republiek,Zuidafrikaansche Republiek,ZAR,Repaboliki ya Aferika Borwa,Riphabulika ya Afurika Tshipembe,Union von Südafrika , Aktueller Bezug,Gegenwartsbezug,Zeitnähe 
TIM |a 099992470101_100005001231  |b v753 - 500